000 00400nam a2200181Ia 4500
001 3653
005 20260306145659.0
008 260306t2001||||xx |||||||||||||| ||spa||
041 _aESP
082 _a301
_bG44
100 _aGiddens, Anthony
_eAUT
245 0 _aSociologĂ­a
260 _c2001
300 _a944 páginas :
_c25 cm.
650 _aGEN
654 _aCHU
942 _cLIB
_dJUS
_fJUS
_2ddc
_n
999 _c3653
_d3653